000 00853nam a22002297a 4500
999 _c16525
_d16525
003 AR-CdUCM
008 190328b ||||| |||| 00| 0 spa d
040 _aMUNICIPALIDAD PROVINCIAL DEL CUSCO
_cBIBLIOTECA MUNICIPAL DEL CUSCO
041 _hfre
082 _24ed.
_a909 /
_bC12
100 _aCabanés, Doctor
_926289
245 _aLas indiscreciones de la historia /
260 _aMadrid :
_bEdiciones Mercurio,
_c1927.
300 _a352 páginas ;
_bFotografías de retratos, ilustraciones
_c20 cm.
505 _aContenido: Los enfermos en el hospital -- San Luis en su lecho de muerte -- La alcahueta castigada -- Partida de las vestales para hospital...
650 _aNapoleón
_91841
650 _aHistoria
_9136
650 _aFrancia
_91444
700 _aDiaz Retg, E. (traducción)
_936019
942 _2ddc
_cLIBROS
945 _adavv
_d03/05/2019